| 000 | 01074nam a2200217 a 4500 | ||
|---|---|---|---|
| 001 | BRCA_977 | ||
| 005 | 20190320203228.0 | ||
| 008 | 860408s1994 mx-a---###---#000-0#spa-d | ||
| 020 | _a9687498005 | ||
| 050 | 4 |
_aNC1807.M4 _b.B54 3 _c1994 |
|
| 245 | 1 | 0 | _a3 [i.e. Tercera] Bienal Internacional del Cartel en México, 1994 = Third International Biennial of the Poster in Mexico, 1994 = Troisieme Biennale Internationale de L´Affiche au Mexique. |
| 260 |
_aMéxico _bTrama Visual AC : Fondo Nacional para la Cultura y las Artes : UAM _c1994 |
||
| 300 |
_a165 p. _bil. (algunas a color) _c29 cm. _ePrograma de actividades |
||
| 500 | _aCatálogo de la exposición realizada en el Museo Franz Mayer (Ciudad de México), 27 octubre, 1994 | ||
| 546 | _aTexto en español, inglés y francés | ||
| 650 | 1 | 4 |
_aCarteles _vConcursos _xDiseño _zMéxico _93220 |
| 650 | 1 | 4 |
_aDiseñadores gráficos _vExposiciones _zMéxico _93221 |
| 740 | 0 | _aThird International Biennial of the Poster in Mexico, 1994 | |
| 740 | 0 | _aTroisieme Biennale Internationale de L´Affiche au Mexique | |
| 942 |
_2lcc _cB |
||
| 999 |
_c861 _d861 |
||